Riconosci il Pokémon - Quiz n°454 - Statistics

Statistiche generali
  • Questo quiz è stato fatto 0 volte
  • Il punteggio medio è 0 su 10
Statistiche sulle risposte
Indizio Risposta % Corretto
Altezza 0,7 m
0%
Peso 21,4 kg
0%
Tasso di cattura 45 (11.9%)
0%
Sesso 75% ♂, 25% ♀
0%
Abilità Corpodifuoco; Spiritovivo
0%
Stadio evoluzione Forma Baby
0%
Tipo Fuoco
0%
Pokémon Magby
0%
Tasso di allevamento Medio-Veloce
0%
Generazione Seconda
0%
Nessun quiz corrispondente trovato
Distribuzione punteggi
Percentuale di utenti per punteggio
Percentile per numero di risposta
I tuoi punteggi nel tempo
Non hai fatto questo quiz